00421nam a2200157Ia 450000500170000000800460001703700120006304000200007504100130009508400220010810000170013024500440014726000360019130000150022765000210024220250508151857.0008 250505s9999 xx 000 0 eng d aTextual aFEDLbengcFEDL aeng2eng a155.45, HARqFEDL aHarms Ernest 0aEssentials of abnormal child psychology aNew York, USAbThe Julian Press axiii,265p. aChild Psychology